000 01185nam a2200229Ia 4500
001 L707-29279
003 IT-CnALBA
008 170116s9999||||xx |||||||||||||| ||und||
040 _aIT-CnALBA
_cIT-CnALBA
041 _aITALIANO
100 _aCOSTANTINI MONS. CELSO CRITICO D'ARTE
245 0 _aATHENA. NOZIONI DI STORIA DELL'ARTE PER LE SCUOLE MEDIE. VOL. I. DALLE ORIGINI AL TRECENTO.
250 _a9a ed.
260 _aROMA. FI. PA.
_bSALESIANA SCUOLA TIPOGR.
_c1946 [1° Ed.: n.d.]
300 _a322 p. (prefazione: 15)
500 _aINDICE ARTISTI. ARTE NELL'ATICO ORIENTE. GRECA ETRUSCA ROMANA. CATACOMBE. SIMBOLOGIA. ARTE BASILICALE. BIZANTINA ARABA. ROMANICA. PITTURA SCULTURA ARCHITETTURA. MOSAICI GOTICA. ARTI MINORI. DIZIONARIETTO.
501 _aSocietà San Paolo EM - Piazza San Paolo, 14 - 12051 ALBA (CN) (non commercial uses only) ® Copyright 2017
520 _aINDICE ARTISTI. ARTE NELL'ATICO ORIENTE. GRECA ETRUSCA ROMANA. CATACOMBE. SIMBOLOGIA. ARTE BASILICALE. BIZANTINA ARABA. ROMANICA. PITTURA SCULTURA ARCHITETTURA. MOSAICI GOTICA. ARTI MINORI. DIZIONARIETTO.
650 _aSTUDIO E INSEGNAMENTO DELL'ARTE
942 _cBK
957 _71
999 _a34048
_bSI
_g Copie: 1
_c288204
_d288204